|
|
|
|
| LEADER |
01682nam a2200349 a 4500 |
| 001 |
12984765 |
| 008 |
091207s2004 maua b 001 0 eng d |
| 010 |
|
|
|a 2002041061
|
| 020 |
|
|
|a 0071234306
|
| 020 |
|
|
|a 0072824549 (alk. paper)
|
| 020 |
|
|
|a 0071215093 (international : alk. paper)
|
| 040 |
|
|
|a DLC
|c DLC
|d DLC
|d BD-DhAAL
|
| 082 |
0 |
0 |
|a 332
|2 21
|
| 100 |
1 |
|
|a Saunders, Anthony,
|d 1949-
|
| 245 |
1 |
0 |
|a Financial markets and institutions :
|b a modern perspective /
|c Anthony Saunders, Marcia Millon Cornett.
|
| 250 |
|
|
|a 2nd ed.
|
| 260 |
|
|
|a Boston :
|b McGraw-Hill Irwin,
|c c2004.
|
| 300 |
|
|
|a xxii, 680 p. :
|b ill. ;
|c 28 cm.
|
| 490 |
0 |
|
|a The McGraw-Hill/Irwin series in finance, insurance, and real estate
|
| 504 |
|
|
|a Includes bibliographical references (p. 669-670) and index.
|
| 541 |
1 |
|
|e 00009819
|
| 650 |
|
0 |
|a Securities
|z United States.
|
| 650 |
|
0 |
|a Stock exchanges
|z United States.
|
| 650 |
|
0 |
|a Financial institutions
|z United States.
|
| 650 |
|
0 |
|a Rate of return
|z United States.
|
| 650 |
|
0 |
|a Interest rates
|z United States.
|
| 700 |
1 |
|
|a Cornett, Marcia Millon.
|
| 852 |
4 |
|
|a Ayesha Abed Library
|j General Shelf.
|
| 999 |
|
|
|c 6096
|d 6096
|
| 952 |
|
|
|0 0
|1 0
|2 ddc
|4 0
|6 332_SAU_200400000000000
|7 0
|9 6083
|a BRACUL
|b BRACUL
|c GEN
|d 2009-12-15
|g 0.00
|l 11
|m 53
|o 332 SAU
|p 3010009819
|r 2024-03-03
|s 2024-01-25
|t 1
|w 2009-12-15
|y BK
|x No price found in the accession register.
|
| 952 |
|
|
|0 0
|1 0
|2 ddc
|4 1
|6 332_000000000000000_SAU_2004
|7 0
|9 7014
|a BRACUL
|b BRACUL
|c SPS
|d 2010-01-10
|l 2
|o 332 SAU
|p 3010010446
|r 2018-04-08
|s 2018-04-03
|t 2
|w 2010-01-10
|y BK
|
| 952 |
|
|
|0 0
|1 0
|2 ddc
|4 0
|6 332_SAU_220400000000000
|7 0
|9 7680
|a BRACUL
|b BRACUL
|c GEN
|d 2010-02-01
|l 0
|o 332 SAU
|p 3010010445
|r 2010-02-01
|t 3
|w 2010-02-01
|y BK
|